000 00600nam a2200193 i 4500
001 33858
003 ES-MaACL
005 20250920063036.0
007 t|
008 030203s1982 sp d |||| | spa d
100 1 _aBlánquez Fraile, Agustín,
_d1883-1965
_929329
245 1 0 _aDiccionario latino-español /
_cpor Agustín Blánquez Fraile.
250 _a5ª ed. rev., corr. y aum.
260 _aBarcelona :
_bRamón Sopena,
_c1982.
300 _a3 v. ;
_c22 cm.
650 0 4 _aLengua latina-
_vDiccionarios-
_xEspañol.
_914295
852 _aES-MaACL
_jL-6906-08
999 _c33858
_d33858